Chaîne de mots - Villes d'Europe - Statistiques

Statistiques générales
  • Ce quiz a été pris 328 fois
  • Le résultat moyen est 7 sur 20
Statistiques - réponses
Indices Villes % Correct
Les Nazis y sont passés du congrès au procès NUREMBERG
89%
Le Dynamo d'Oleg Blokhine, ballon d'or 1975 KIEV
59%
Rival de Cambridge dans une prestigieuse course d'aviron OXFORD
54%
Champion d'Angleterre de Football à la surprise générale en 2016 LEICESTER
53%
Siège de la FIFA ZURICH
45%
A l’extrême sud de la Suède MALMO
44%
Ville du Sud Est de la Turquie au nom de super héros BATMAN
42%
Croke Park et l'Aviva Stadium DUBLIN
37%
Anciennement connu sous son nom allemand Danzig GDANSK
36%
Dans la légende de Robin des Bois NOTTINGHAM
34%
Plus grande ville de la Crète HERAKLION
31%
Lieu de la finale de l'Euro 2000 remporté par l’Équipe de France de Football ROTTERDAM
31%
Deuxième plus grand centre financier du Royaume Uni EDIMBOURG
30%
Deuxième ville la plus peuplée de Lituanie KAUNAS
23%
Ukraine (de jure) Russe (de facto) SEBASTOPOL
23%
Ville la plus peuplée de Galice VIGO
21%
Record du monde en 2014 de Renaud Lavillenie sous les yeux de Sergueï Bubka DONETSK
19%
Vincenzo Nibali, vainqueur du Tour de France 2014, est surnommé le Requin de _____ MESSINE
19%
Capitale de L’État de Styrie, 2ème ville la plus peuplée de son pays GRAZ
15%
Ville de plus d'un million d'habitants au nom composé, appelée Gorki de 1932 à 1991 NIJNI NOVGOROD
15%
Aucun quiz correspondant
Distribution des résultats
% des personnes avec chaque résultat
Percentile par nombre de réponses
Votre historique - résultats
Vous n’avez pas pris ce quiz